000 00739cam a2200241 a 4500
001 16375251
005 20180315053616.0
008 100804s2011 nyua 001 0 eng
010 _a 2010033303
020 _a9780393911503 (pbk.)
020 _a0393911500 (pbk.)
035 _a(OCoLC)ocn653123073
040 _aDLC
_cDLC
_dYDX
_dYDXCP
_dZQP
_dBWX
_dCDX
_dTDF
_dDLC
041 _aeng
080 _a783.0423 BER
082 0 0 _a783.0423 BER
_222
100 _a45
101 _aMUZ
245 0 2 _aA new approach to sight singing /
_cSol Berkowitz ... [et al.].
906 _a7
_bcbc
_corignew
_d1
_eecip
_f20
_gy-gencatlg
942 _2ddc
_cBK
999 _c45102
_d45102